| 000 -LEADER |
| fixed length control field |
00708cas a2200265 a 4500 |
| 001 - CONTROL NUMBER |
| control field |
11396271 |
| 005 - DATE AND TIME OF LATEST TRANSACTION |
| control field |
20180223094632.0 |
| 008 - FIXED-LENGTH DATA ELEMENTS--GENERAL INFORMATION |
| fixed length control field |
890511u1984uuuunr uu p 0 0eng c |
| 010 ## - LIBRARY OF CONGRESS CONTROL NUMBER |
| LC control number |
sf 92091756 |
| Canceled/invalid LC control number |
sn 89022961 |
| 035 ## - SYSTEM CONTROL NUMBER |
| System control number |
(OCoLC)ocm19695572 |
| 040 ## - CATALOGING SOURCE |
| Original cataloging agency |
FU |
| Language of cataloging |
eng |
| Transcribing agency |
FU |
| Modifying agency |
NST |
| -- |
DLC |
| -- |
OCoLC |
| -- |
DLC |
| -- |
OCoLC |
| 041 ## - LANGUAGE CODE |
| Language code of text/sound track or separate title |
eng |
| 042 ## - AUTHENTICATION CODE |
| Authentication code |
pcc |
| 043 ## - GEOGRAPHIC AREA CODE |
| Geographic area code |
f-nr--- |
| 080 ## - UNIVERSAL DECIMAL CLASSIFICATION NUMBER |
| Universal Decimal Classification number |
370 joh |
| 100 ## - Rafti |
| Rafti |
48 |
| 101 ## - Shkurtesa |
| Shkurtesa |
edu |
| 245 00 - TITLE STATEMENT |
| Title |
Physical health education and recreation |
| 246 30 - VARYING FORM OF TITLE |
| Title proper/short title |
PHERJ |
| 362 0# - DATES OF PUBLICATION AND/OR SEQUENTIAL DESIGNATION |
| Dates of publication and/or sequential designation |
Vol. 1, no. 1 (Mar. 1984)- |
| 590 ## - LOCAL NOTE (RLIN) |
| Local note |
SERBIB/SERLOC merged record |
| 906 ## - LOCAL DATA ELEMENT F, LDF (RLIN) |
| a |
7 |
| b |
cbc |
| c |
serials |
| d |
u |
| e |
ncip |
| f |
19 |
| g |
n-oclcserc |
| 942 ## - ADDED ENTRY ELEMENTS (KOHA) |
| Source of classification or shelving scheme |
|
| Item type |
Books |